La vida es sueño (Registro nro. 18916)

Detalles MARC
000 -CABECERA
Longitud fija campo de control 00661nam a22002297a 4500
003 - IDENTIFICADOR DELl NÚMERO DE CONTROL
Identificador del número de control OSt
005 - FECHA Y HORA DE LA ÚLTIMA TRANSACCIÓN
Fecha y hora de la última transacción 20150327183410.0
008 - CÓDIGOS DE INFORMACIÓN DE LONGITUD FIJA
Códigos de información de longitud fija 150224b xxu||||| |||| 00| 0 eng d
020 ## - NÚMERO INTERNACIONAL NORMALIZADO PARA LIBROS
Número Internacional Normalizado para Libros (ISBN) 84-376-0092-8
040 ## - FUENTE DE LA CATALOGACIÓN
Centro transcriptor BMC
082 ## - NÚMERO DE LA CLASIFICACIÓN DECIMAL DEWEY
Númeroo de clasificación 862
100 1# - PUNTO DE ACCESO PRINCIPAL-NOMBRE DE PERSONA
Nombre de persona Calderón de la Barca, Pedro
Fechas asociadas al nombre 1600-1681
9 (RLIN) 247
245 13 - MENCIÓN DE TÍTULO
Título La vida es sueño
Mención de responsabilidad, etc. Pedro Calderón de La Barca ; edición de Ciriaco Morón Arroyo
250 ## - MENCIÓN DE EDICIÓN
Mención de edición 23ª ed
260 ## - PUBLICACIÓN, DISTRIBUCIÓN, ETC. (PIE DE IMPRENTA)
Lugar de publicación, distribución, etc. Madrid
Nombre del editor, distribuidor, etc. Cátedra
Fecha de publicación, distribución, etc. cop. 1976
300 ## - DESCRIPCIÓN FÍSICA
Extensión 207 p.
Dimensiones 18 cm
490 ## - MENCIÓN DE SERIE
Mención de serie Letras Hispánicas
Designación de volumen o secuencia 57
504 ## - NOTA DE BIBLIOGRAFÍA, ETC
Nota de bibliografía, etc. Bibliografía: p. 75-82
650 24 - PUNTO DE ACCESO ADICIONAL DE MATERIA - TÉRMINO DE MATERIA
9 (RLIN) 2144
Término de materia o nombre geográfico como elemento inicial Teatro español
700 1# - PUNTO DE ACCESO ADICIONAL - NOMBRE DE PERSONA
Nombre de persona Morón, Ciriaco
9 (RLIN) 32048
942 ## - ENTRADA DE ELEMENTOS AGREGADOS (KOHA)
Fuente de clasificaión o esquema Dewey Decimal Classification
Koha [por defecto] tipo de item 1- Monografias
Existencias
Suprimido Perdido Fuente de clasificación o esquema Estropeado Restricciones de uso No para préstamo Código de colección Localización permanente Localización actual Localización en estanter&íacute;as Fecha adquisición Fuente de adquisición Número de inventario Préstamos totales Renovaciones totales Signatura completa Código de barras Fecha última consulta Fecha último préstamo Coste, precio reemplazado Fecha del precio de reemplazo Tipo de item de Koha
NULL NULL Dewey Decimal Classification NULL Prestable NULL NULL Biblioteca Miguel de Cervantes - UNICAES Biblioteca Miguel de Cervantes - UNICAES Sala Principal 27/02/2015 Donación - ADESH 028641 5 2 T CAL vid 1029051 09/03/2018 05/03/2018 14.00 27/02/2015 1- Monografias